| 000 | 00712nam a2200205 i 4500 | ||
|---|---|---|---|
| 001 | 98343 | ||
| 003 | ES-MaACL | ||
| 005 | 20260126130019.0 | ||
| 007 | t| | ||
| 008 | 050728s1960 sp ||||1| spa d | ||
| 100 | 1 |
_aMartín Martínez, Isidoro. _977559 |
|
| 245 | 1 | 0 |
_aFigura y pensamiento del cardenal Belluga a través de su Memorial antirregalista a Felipe V / _cIsidoro Martín. |
| 260 |
_aMurcia : _b[Academia Alfonso X El Sabio], _c1960 ( _fTip. Belmar) |
||
| 300 |
_a184 p. ; _c21 cm. |
||
| 600 | 1 | 4 |
_aBelluga y Moncada, Luis. _927285 |
| 650 | 4 |
_aIglesia y Estado- _zEspaña- _yS.XVIII. _9140389 |
|
| 710 | 0 |
_aAcademia Alfonso X el Sabio _91142 |
|
| 852 |
_aES-MaACL _jC-19604 |
||
| 999 |
_c98343 _d98343 |
||